Central Library OPAC University of Rajshahi

বাংলা নাটকের ভদ্রেতর চরিত্র / (Record no. 41267)

MARC details
000 -LEADER
fixed length control field 00971nam a2200241 a 4500
001 - CONTROL NUMBER
control field 41267
003 - CONTROL NUMBER IDENTIFIER
rucl marc code BD-RjUL
005 - DATE AND TIME OF LATEST TRANSACTION
control field 20211209053345.0
008 - FIXED-LENGTH DATA ELEMENTS--GENERAL INFORMATION
fixed length control field 160518s1999 ii ||||| b||| 00| d ben d
020 ## - INTERNATIONAL STANDARD BOOK NUMBER
International Standard Book Number 8186946357
Terms of availability : IRs. 70.00
035 ## - SYSTEM CONTROL NUMBER
System control number (BD-RjUL)41384
040 ## - CATALOGING SOURCE
Original cataloging agency BD-RjUL
Language of cataloging ben
Transcribing agency BD-RjUL
Modifying agency BD-RjUL
041 ## - LANGUAGE CODE
Language code of text/sound track or separate title ben
082 ## - DEWEY DECIMAL CLASSIFICATION NUMBER
Edition number 23
Classification number 891.44209
Author mark and year GHB 1999
100 ## - MAIN ENTRY--PERSONAL NAME
Personal name ঘোষ, শক্তিপদ
9 (RLIN) 126948
245 10 - TITLE STATEMENT
Title বাংলা নাটকের ভদ্রেতর চরিত্র /
Statement of responsibility, etc. শক্তিপদ ঘোষ
260 ## - PUBLICATION, DISTRIBUTION, ETC. (IMPRINT)
Place of publication, distribution, etc. কলকাতা :
Name of publisher, distributor, etc. সাহিত্যলোক,
Date of publication, distribution, etc. ১৯৯৯
300 ## - PHYSICAL DESCRIPTION
Pagination ১৩৬ পৃ. ;
Size ২৩ সেমি.
504 ## - BIBLIOGRAPHY, ETC. NOTE
Bibliography, etc গ্রন্থপঞ্জি সংযুক্ত
650 ## - SUBJECT ADDED ENTRY--TOPICAL TERM
Topical term or geographic name as entry element বাংলা নাটক
General subdivision ইতিহাস ও সমালোচনা
9 (RLIN) 123674
Chronological subdivision ২০ শতক
Topical term or geographic name as entry element Bengali drama
General subdivision History and Criticism
9 (RLIN) 122764
Chronological subdivision 20th century
942 ## - ADDED ENTRY ELEMENTS (KOHA)
Source of classification or shelving scheme Dewey Decimal Classification
Koha item type Books
Holdings
Lost status Source of classification or shelving scheme Damaged status Not for loan Collection code Permanent Location Current Location Shelving location Date acquired Source of acquisition Cost, normal purchase price Total Checkouts Full call number Date last seen Copy number Koha item type
  Dewey Decimal Classification     Non-fiction Central Library, University of Rajshahi Central Library, University of Rajshahi   20/11/2005 Paragogn Enterprise, Dhaka 70.00   B 891.44209 GHB 1999 18/05/2016 C-2 Books
  Dewey Decimal Classification     Non-fiction Central Library, University of Rajshahi Central Library, University of Rajshahi   24/05/2007 Paragon Enterprise Lit., Dhaka 70.00   B 891.44209 GHB 1999 31/05/2016 C-3 Books
  Dewey Decimal Classification     Non-fiction Central Library, University of Rajshahi Central Library, University of Rajshahi   24/05/2007 ঢাকা, প্যারাগন ইন্টারপ্রাইজ লিঃ 70.00   B 891.44209 GHB 1999 11/08/2016 C-4 Books
  Dewey Decimal Classification   Not For Loan Non-fiction Central Library, University of Rajshahi Central Library, University of Rajshahi Reading Room 20/11/2005 Dhaka, Paragon ent. Ltd. 90.00   B 891.44209 GHB 1999 14/02/2017 C-1 Books